LEADER 01173nam0 22002771i 450 001 UON00194773 005 20231205103229.677 010 $a52-390-0624-5 100 $a20030730d1992 |0itac50 ba 101 $arus 102 $aSU 105 $a|||| ||||| 200 1 $aDetjam moim$aVospminan'ja pro?lych dnej ; Genealogi?eskie issledovanija ; Iz soloveckich pisem ; Zave??anie$fSvja??ennik Pavel Florenskij 210 $aMoskva$cMoskovskij rabo?ij$d1992 215 $a559 p.$ctav.$d20 cm. 410 1$1001UON00173073$12001 $aGolosa vremen 620 $aRU$dMoskva$3UONL003152 700 1$aFLORENSKIJ$bPavel Aleksandrovi?$3UONV115496$0220766 712 $aMoskovskij rabo?ij$3UONV265887$4650 801 $aIT$bSOL$c20241213$gRICA 899 $aSIBA - SISTEMA BIBLIOTECARIO DI ATENEO$2UONSI 912 $aUON00194773 950 $aSIBA - SISTEMA BIBLIOTECARIO DI ATENEO$dSI AR DUOMO X D 069 $eSI EO 26135 5 069 996 $aVospminan'ja proslych dnej ; Genealogiceskie issledovanija ; Iz soloveckich pisem ; Zavescanie$91736433 996 $aDetjam moim$940171 997 $aUNIOR LEADER 01128nam0 22002891i 450 001 UON00271299 005 20231205103755.838 100 $a20051220d1964 |0itac50 ba 101 $aeng 102 $aUS 105 $a|||| ||||| 200 1 $aAristotle$fG.R.G. Mure 210 $aNew York$cOxford University Press$d1964 215 $avii, 280 p.$d21 cm. 316 $aFondo Franchini$5IT-UONSI F. FRA00020 410 1$1001UON00271298$12001 $aˆA ‰Galaxy Book$1210 $aNew York$cOxford University Press.$v113 606 $aAristotele$xMetafisica$3UONC035979$2FI 620 $aUS$dNew York$3UONL000050 676 $a185$cFILOSOFIA ARISTOTELICA$v21 700 1$aMURE$bGeoffrey Reginald Gilchrist$3UONV139298$0109301 712 $aOxford University Press$3UONV245947$4650 801 $aIT$bSOL$c20250606$gRICA 899 $aSIBA - SISTEMA BIBLIOTECARIO DI ATENEO$2UONSI 912 $aUON00271299 950 $aSIBA - SISTEMA BIBLIOTECARIO DI ATENEO$dSI 00020 $eSI FF 37 5 Fondo Franchini 996 $aAristotle$91239240 997 $aUNIOR